000 00395nam a22001217a 4500
005 20251104131543.0
008 251104b |||||||| |||| 00| 0 eng d
082 _aDPer 613.05 H349 May-June 2025 v. 66 n. 3
245 _aIcontact :
_bexceptional discoveries /
260 _aPhilippines ;
_bPhilippine Publishing House ,
_cMay-June 2025.
300 _aVolume 66, page 5 ;
_c27 cm.
942 _2ddc
_cPER
999 _c24142
_d24142